000 00677nam a22001817a 4500
005 20120502124020.0
008 120502t xxu||||| |||| 00| 0 eng d
020 _c540.00
_a8121208297
035 _aB-121644
040 _aDPL
_bENG
100 _946210
_aNayar, Kuldeep
245 _aWall at wagah: India-Pakistan rerlations /
_c by Kuldeep Nayar
260 _aNew Delhi
_bGyan publication
_c2003
300 _aix,368p.
_c23cm
700 _aN.S.Gehlot and Anu Satsangi
_946231
942 _2ddc
_cEN
_h327.540549
_mNAY
999 _c66021
_d66021